000 00636nam a22001337a 4500
040 _cRUA
082 _aFOR SAR 2001 B127 Or.1
100 _aSAR CHANTHY
245 _aRole of gender in forestry mangement and development, សិក្សាការវិភាគលើតួនាទីរបស់ ជែនឌ័រ (Gender)លើការគ្រប់គ្រងអភិវឌ្ឍន៍នៅក្នុងវិស័យព្រៃឈើ,
260 _aPhnom Penh
_bRUA
_c2001
300 _a50p.
_bill.
_c29cm.
856 _uhttps://drive.google.com/file/d/10tJtKij1BkPOP4Vd1LW-88M68FEtr9Lr/view?usp=sharing
942 _cFOR
999 _c3219
_d3219